|
|
|
|
| LEADER |
00604nam a22001691a 4500 |
| 020 |
|
|
|a 8170335247
|
| 082 |
|
|
|a 954
|b RIM/C
|
| 100 |
|
|
|a Rima Hooja
|9 151229
|
| 245 |
|
|
|a Crusader for self-rule :
|b Tej Bahadur Sapru and the Indian national movement : life and selected letters/
|
| 260 |
|
|
|a Jaipur:
|b Rawat,
|c 1999.
|
| 300 |
|
|
|a 542p.
|
| 650 |
|
|
|a Tej Bahadur Sapru
|9 151230
|
| 650 |
|
|
|a History India
|9 151231
|
| 650 |
|
|
|a History
|9 151232
|
| 942 |
|
|
|c BK
|
| 999 |
|
|
|c 9408
|d 9408
|
| 952 |
|
|
|0 0
|1 0
|4 0
|6 954_000000000000000_RIM_C
|7 0
|9 13802
|a SSUS
|b SSUS
|d 2015-01-08
|g 875.00
|o 954 RIM/C
|p 015634
|r 2015-01-08
|v 0.00
|w 2015-01-08
|y BK
|